Le 11 titulaire des pays à la Coupe du Monde 2026 - Statistiques

Statistiques générales
  • Ce quiz a été pris 68 fois
  • Le résultat moyen est 39 sur 64
Statistiques - réponses
Par images Réponse % Correct
Angleterre
87%
Equateur
83%
France
83%
Pays-Bas
83%
Allemagne
81%
Maroc
81%
Sénégal
81%
Argentine
78%
Brésil
78%
Espagne
78%
Belgique
76%
Portugal
76%
Autriche
74%
Ecosse
74%
Italie
74%
Mexique
74%
Turquie
74%
Ukraine
74%
Arabie Saoudite
72%
Colombie
72%
Japon
72%
Algérie
70%
Etats-Unis
70%
Irlande
70%
Pologne
70%
Corée du Sud
69%
Danemark
69%
Norvège
69%
Qatar
69%
Uruguay
69%
Canada
67%
Suède
67%
Suisse
67%
Iran
65%
République Tchèque
65%
Egypte
63%
Croatie
59%
Bolivie
57%
Slovaquie
57%
Tunisie
57%
Jordanie
54%
Panama
54%
Pays de Galles
52%
Roumanie
52%
Côte d'Ivoire
50%
Paraguay
50%
Irak
48%
Nouvelle-Zélande
48%
Australie
46%
Ghana
46%
Haïti
46%
Ouzbékistan
46%
Afrique du Sud
44%
Albanie
44%
RD Congo
44%
Irlande du Nord
41%
Kosovo
41%
Bosnie-Herzégovine
39%
Cap-Vert
39%
Curação
39%
Nouvelle-Calédonie
33%
Jamaïque
31%
Macédoine du Nord
28%
Suriname
19%
Aucun quiz correspondant
Distribution des résultats
% des personnes avec chaque résultat
Percentile par nombre de réponses
Votre historique - résultats
Vous n’avez pas pris ce quiz